Realising the demographic dividend: policies to achieve inclusive growth in India (Record no. 8665)
[ view plain ]
| 000 -LEADER | |
|---|---|
| fixed length control field | 00511nam a2200169Ia 4500 |
| 020 ## - INTERNATIONAL STANDARD BOOK NUMBER | |
| ISBN | 9781107091726 |
| 082 ## - DEWEY DECIMAL CLASSIFICATION NUMBER | |
| Classification number | 330.954 MEH-; |
| 100 ## - MAIN ENTRY--AUTHOR NAME | |
| Personal name | Mehrotra, Santosh |
| 245 #0 - TITLE STATEMENT | |
| Title | Realising the demographic dividend: policies to achieve inclusive growth in India |
| 260 ## - PUBLICATION, DISTRIBUTION, ETC. (IMPRINT) | |
| Place of publication | Delhi |
| Name of publisher | Cambridge University Press |
| Year of publication | 2016 |
| 300 ## - PHYSICAL DESCRIPTION | |
| Number of Pages | xviii, 477p |
| 650 ## - SUBJECT ADDED ENTRY--TOPICAL TERM | |
| Topical Term | ECONOMIC DEVELOPMENT - SOCIAL ASPECTS - INDIA |
| 650 ## - SUBJECT ADDED ENTRY--TOPICAL TERM | |
| Topical Term | INDIA - ECONOMIC POLICY |
| 650 ## - SUBJECT ADDED ENTRY--TOPICAL TERM | |
| Topical Term | SKILLED LABOR |
| 650 ## - SUBJECT ADDED ENTRY--TOPICAL TERM | |
| Topical Term | PUBLIC FINANCE |
| 942 ## - ADDED ENTRY ELEMENTS (KOHA) | |
| Koha item type | Books |
| Withdrawn status | Lost status | Damaged status | Not for loan | Home library | Current library | Date acquired | Source of acquisition | Bill Date | Full call number | Accession Number | Price effective from | Koha item type |
|---|---|---|---|---|---|---|---|---|---|---|---|---|
| NASSDOC Library | NASSDOC Library | 21/03/2016 | AAKAR | 2016-03-08 | 330.954 MEH-; | 48928 | 18/04/2019 | Books |
